000 00448nam a2200145 4500
001 127878
003 ES-MaACL
007 t|
008 070214s1941 sp r ||||1| spa d
100 1 _aRivera Gracia, Juan Antonio.
_997655
245 1 3 _aEl absceso subfrénico /
_cpor el Dr. Juan Antonio Rivera Gracia.
260 _aBarcelona :
_b[s. n.],
_c1941 (
_fImp. Hispano-Americana)
300 _a125 p. ;
_c19 cm.
852 _aES-MaACL
_jE-857
_bR.18802
999 _c127878
_d127878